[Event "Champ FRA - Under 12"]
[Site "Europe Echecs"]
[Date "2020.07.08"]
[Round "5"]
[White "AuribaultLouis"]
[Black "ParalieuEmma"]
[Result "1-0"]
[WhiteElo "1618"]
[BlackElo "1312"]
[PlyCount "132"]
[EventDate "2020.??.??"]

1. e4 e5 2. Nf3 Nc6 3. Bb5 a6 4. Ba4 b5 5. Bb3 Bb7 6. Nc3 Bc5 7. d3 h6 8. Nd5
Nf6 9. c3 Nxd5 10. Bxd5 d6 11. O-O O-O 12. b4 Bb6 13. a4 Qe7 14. a5 Ba7 15. Be3
Qd7 16. Bxa7 Rxa7 17. Nh4 Ne7 18. Bxb7 Rxb7 19. Qf3 Rbb8 20. Nf5 Nxf5 21. Qxf5
Qxf5 22. exf5 Rfe8 23. Rae1 d5 24. Re2 d4 25. cxd4 exd4 26. Rfe1 Rxe2 27. Rxe2
Kf8 28. f3 Rc8 29. Re4 Rd8 30. g4 Rd5 31. Kf2 f6 32. Re6 Rd6 33. Re2 Kf7 34.
Rc2 c6 35. Rc5 Ke7 36. h4 Kd7 37. f4 Ke7 38. Kf3 Kf7 39. Ke4 Ke7 40. g5 fxg5
41. fxg5 hxg5 42. hxg5 Kd7 43. Ke5 Ke7 44. Kf4 Kf7 45. Kg4 g6 46. f6 Ke6 47.
Kf4 Kd7 48. Re5 Rd5 49. f7 Rxe5 50. Kxe5 Ke7 51. Kxd4 Kxf7 52. Kc5 Ke6 53. Kxc6
Kf5 54. d4 Kxg5 55. d5 Kf5 56. d6 g5 57. d7 g4 58. Kc7 g3 59. d8=Q g2 60. Qg8
Ke4 61. Qxg2+ Kd4 62. Kb6 Kc4 63. Kxa6 Kxb4 64. Qb2+ Kc4 65. Qxb5+ Kc3 66. Kb6
Kc2 {ParalieuEmma a abandonné} 1-0

[Event "Champ FRA - Under 12"]
[Site "Europe Echecs"]
[Date "2020.07.08"]
[Round "5"]
[White "PoulainEmilien"]
[Black "FrelauMatthias"]
[Result "1-0"]
[WhiteElo "1322"]
[BlackElo "1592"]
[PlyCount "139"]
[EventDate "2020.??.??"]

1. d4 Nf6 2. Nf3 g6 3. e3 Bg7 4. c4 d6 5. Bd3 Nbd7 6. O-O O-O 7. Nc3 c5 8. d5
a6 9. Qc2 Ne8 10. e4 Nc7 11. b3 Rb8 12. Bb2 b5 13. Nd2 Ne5 14. Ne2 Nxd3 15.
Bxg7 Kxg7 16. Qxd3 bxc4 17. Nxc4 Ne8 18. f4 Bg4 19. h3 Bxe2 20. Qxe2 e6 21.
Qb2+ Kg8 22. dxe6 fxe6 23. Rad1 Qe7 24. Ne3 Qh4 25. Qf2 Qxf2+ 26. Rxf2 Nf6 27.
e5 Ne4 28. Rff1 d5 29. g4 Nc3 30. Rd2 Ne4 31. Rc2 Rb4 32. f5 gxf5 33. gxf5 d4
34. Rg2+ Kh8 35. fxe6 Re8 36. Nc4 h6 37. e7 Rxe7 38. Rg6 Rg7 39. Rxg7 Kxg7 40.
Nd6 Nxd6 41. exd6 Rb6 42. Rc1 Rxd6 43. Rxc5 Kf6 44. Rc1 Ke5 45. Kf2 Kf4 46. Rd1
h5 47. Rd2 Kg5 48. Kf3 Kh4 49. Kg2 Kg5 50. Kg3 Kf5 51. Kf3 Kg5 52. Kg3 Kf6 53.
Kf4 Kg6 54. h4 Kf6 55. Ke4 Re6+ 56. Kxd4 Rd6+ 57. Ke3 Rxd2 58. Kxd2 Kf5 59. a4
Kg4 60. b4 Kxh4 61. b5 axb5 62. axb5 Kg3 63. b6 h4 64. b7 h3 65. b8=Q+ Kg2 66.
Qg8+ Kh1 67. Ke2 h2 68. Qh7 Kg1 69. Qf5 h1=Q 70. Qf2# {FrelauMatthias est
échec et mat} 1-0

[Event "Champ FRA - Under 12"]
[Site "Europe Echecs"]
[Date "2020.07.08"]
[Round "5"]
[White "SanguinettiEdo"]
[Black "TallecHadrien"]
[Result "1/2-1/2"]
[WhiteElo "1312"]
[BlackElo "1587"]
[PlyCount "224"]
[EventDate "2020.??.??"]

1. c4 e5 2. g3 Nf6 3. Bg2 d5 4. cxd5 Nxd5 5. Nf3 Bd6 6. O-O c6 7. Nc3 Be6 8.
Nxd5 Bxd5 9. Re1 O-O 10. d3 Nd7 11. Be3 Kh8 12. Qc2 f5 13. Bg5 Nf6 14. Bxf6
Qxf6 15. e4 fxe4 16. dxe4 Be6 17. Rad1 Bg4 18. Rd3 Bb4 19. Ree3 Rad8 20. Rxd8
Rxd8 21. h3 Bh5 22. Rd3 Rxd3 23. Qxd3 h6 24. Nd2 Bc5 25. Nf3 Kh7 26. Qc3 Qd6
27. Qd2 Qf6 28. Qc3 Bxf3 29. Qxf3 Qg5 30. Qf5+ Qxf5 31. exf5 Kg8 32. Kf1 Kf7
33. Ke2 Kf6 34. g4 h5 35. f3 Kg5 36. b3 Kf4 37. a4 Bb4 38. Kf2 b5 39. axb5 cxb5
40. Bf1 a6 41. Bd3 Bc5+ 42. Ke2 Kg3 43. gxh5 Kxh3 44. Be4 Kh4 45. Bb7 a5 46.
Bc6 b4 47. Be8 Kg5 48. Bg6 Kf4 49. Bh7 Kg5 50. Bg6 Kf4 51. Bh7 Bd4 52. Bg6 Bc3
53. Bh7 e4 54. fxe4 Bf6 55. Kd3 Ke5 56. Bg6 Be7 57. Be8 Bd8 58. Bc6 Kf6 59. Be8
Ke5 60. Bg6 Bc7 61. Ke3 Bd8 62. Kf3 Be7 63. Bf7 Bd8 64. Bd5 Be7 65. Kg4 Bd8 66.
Kf3 Be7 67. Ke3 Bd8 68. Kd3 Bc7 69. Kc4 Bd8 70. Kb5 Bc7 71. Kc6 Bd8 72. Kd7 Bb6
73. Ke7 Bd4 74. Kf7 Kf4 75. Kg6 Kg4 76. h6 gxh6 77. Kxh6 Kf4 78. Kg6 Ke5 79. f6
Kd6 80. f7 Ke7 81. Kf5 Kf8 82. e5 Bc5 83. e6 Be7 84. Ke5 Bd8 85. Kd6 Be7+ 86.
Kd7 Bf6 87. Kc6 Be7 88. Kd7 Bf6 89. Bc4 Be7 90. Kc7 Bf6 91. Kb6 Bd8+ 92. Kb5
Ke7 93. Kc6 Kf8 94. Bd5 Ke7 95. Kc5 Kf8 96. Kd4 Be7 97. Kc4 Bd8 98. Kc5 Be7+
99. Kc6 Bd8 100. Kd7 Be7 101. Kc8 Bf6 102. Kc7 Be7 103. Kb7 Bf6 104. Ka6 Bd8
105. Kb5 Ke7 106. Kc6 Kf8 107. Bc4 Ke7 108. Kb7 Kf8 109. Ka6 Ke7 110. Kb5 Kf8
111. Kc6 Ke7 112. Bd5 Kf8 {Nulle par répétition} 1/2-1/2

[Event "Champ FRA - Under 12"]
[Site "Europe Echecs"]
[Date "2020.07.08"]
[Round "5"]
[White "PierrotYohann"]
[Black "VarinTimeo"]
[Result "1-0"]
[WhiteElo "1519"]
[BlackElo "1287"]
[PlyCount "87"]
[EventDate "2020.??.??"]

1. e4 e5 2. Nf3 Nc6 3. d4 exd4 4. Bc4 Nf6 5. e5 d5 6. Bb5 Ne4 7. Nxd4 Bd7 8.
Bxc6 bxc6 9. O-O Bc5 10. Be3 Qb8 11. b3 Qb6 12. c3 O-O 13. b4 Be7 14. Nf5 Qb7
15. Nxe7+ Kh8 16. f3 Ng5 17. Bxg5 f6 18. exf6 gxf6 19. Qd4 Kg7 20. Re1 Rae8 21.
Bh4 Qb6 22. Qxb6 cxb6 23. Bg3 Kf7 24. Bd6 Rd8 25. Nxc6 Bxc6 26. Bxf8 Rxf8 27.
b5 Bxb5 28. Na3 Bd3 29. Re3 Bf5 30. Rae1 Kg6 31. g4 Bc8 32. Nb5 a6 33. Nd6 Bd7
34. h4 Rd8 35. h5+ Kg5 36. Nf7+ Kf4 37. Nxd8 b5 38. Ne6+ Bxe6 39. Rxe6 a5 40.
Rxf6+ Kg5 41. Ree6 b4 42. Kg2 bxc3 43. Kg3 c2 44. Rf5# {VarinTimeo est échec
et mat} 1-0

[Event "Champ FRA - Under 12"]
[Site "Europe Echecs"]
[Date "2020.07.08"]
[Round "5"]
[White "LeroySerge"]
[Black "ArousstamianAl"]
[Result "1/2-1/2"]
[WhiteElo "1291"]
[BlackElo "1510"]
[PlyCount "124"]
[EventDate "2020.??.??"]

1. d4 d5 2. c4 e6 3. Nf3 Nf6 4. Nc3 Be7 5. Bf4 O-O 6. e3 b6 7. h3 Bb7 8. Be2
Nbd7 9. O-O c5 10. cxd5 exd5 11. Ne5 Nxe5 12. Bxe5 Ne4 13. Qc2 Nxc3 14. bxc3 c4
15. e4 Bd6 16. Bxd6 Qxd6 17. e5 Qe7 18. f4 f5 19. Bf3 g5 20. fxg5 Qxg5 21. Qc1
f4 22. Qd2 Kh8 23. Rf2 Rad8 24. Raf1 Bc8 25. Kh1 Rf7 26. Bd1 Rg8 27. Bf3 Be6
28. Bd1 Rg6 29. Ba4 Rf8 30. Bd1 Kg7 31. Qe2 Rh6 32. Rf3 Bg4 33. Qf2 Bxf3 34.
Bxf3 Qg3 35. Bxd5 Qxc3 36. Qf3 Qxd4 37. Qg4+ Rg6 38. Qd7+ Kh8 39. Qe7 Qc5 40.
Qxc5 bxc5 41. Bxc4 Rg5 42. e6 Re5 43. Kg1 Kg7 44. Kf2 Kf6 45. Re1 Rxe1 46. Kxe1
Ke5 47. Ke2 Kd4 48. Bb3 Re8 49. Kf3 Ke5 50. h4 h6 51. g4 a5 52. a4 Re7 53. g5
hxg5 54. hxg5 Kf5 55. g6 Kxg6 56. Kxf4 Kf6 57. Ke4 Rb7 58. Bc4 Rb4 59. Kd5 Rxa4
60. Kxc5 Rb4 61. Ba2 Ra4 62. Bb3 Rb4 {Nulle par accord mutuel} 1/2-1/2

[Event "Champ FRA - Under 12"]
[Site "Europe Echecs"]
[Date "2020.07.08"]
[Round "5"]
[White "DetrazSamuel"]
[Black "GreisslerRapha"]
[Result "1-0"]
[WhiteElo "1509"]
[BlackElo "1285"]
[PlyCount "37"]
[EventDate "2020.??.??"]

1. d4 d5 2. c4 c6 3. Nc3 Nf6 4. Nf3 e6 5. Bg5 Nbd7 6. e3 Qa5 7. Bxf6 Nxf6 8.
cxd5 Nxd5 9. Qb3 Bb4 10. Rc1 Nxc3 11. bxc3 Ba3 12. Rb1 O-O 13. Bd3 b5 14. Ne5
Bb7 15. O-O f6 16. Qxe6+ Kh8 17. Nf7+ Rxf7 18. Qxf7 Qxc3 19. Qxb7 {
GreisslerRapha a abandonné} 1-0

[Event "Champ FRA - Under 12"]
[Site "Europe Echecs"]
[Date "2020.07.08"]
[Round "5"]
[White "IlinArtem"]
[Black "ZejliMehdi"]
[Result "1-0"]
[WhiteElo "1504"]
[BlackElo "1241"]
[PlyCount "63"]
[EventDate "2020.??.??"]

1. e4 e6 2. d4 d5 3. Nc3 Nf6 4. e5 Nfd7 5. f4 c5 6. Nf3 Nc6 7. Be3 Be7 8. Be2
O-O 9. O-O Qb6 10. Na4 Qa5 11. c3 b6 12. a3 Ba6 13. Bxa6 Qxa6 14. b4 cxb4 15.
axb4 Qc4 16. Nd2 Qd3 17. Rf3 Qg6 18. Rg3 Qf5 19. Qb1 Qxb1+ 20. Rxb1 f6 21. f5
exf5 22. Bh6 Rf7 23. e6 Rff8 24. Rxg7+ Kh8 25. exd7 Bd6 26. b5 Ne7 27. Rxe7
Bxe7 28. Bxf8 Rxf8 29. Re1 Bd8 30. Re8 Rxe8 31. dxe8=Q+ Kg7 32. Qxd8 {
ZejliMehdi a abandonné} 1-0

[Event "Champ FRA - Under 12"]
[Site "Europe Echecs"]
[Date "2020.07.08"]
[Round "5"]
[White "BonfilsDussaux"]
[Black "TouillerThibau"]
[Result "0-1"]
[WhiteElo "1240"]
[BlackElo "1504"]
[PlyCount "178"]
[EventDate "2020.??.??"]

1. d4 Nf6 2. c4 c5 3. d5 b5 4. cxb5 a6 5. e3 axb5 6. Bxb5 Bb7 7. Nc3 Qa5 8. Bc4
e6 9. e4 exd5 10. exd5 d6 11. Nge2 Nbd7 12. O-O Be7 13. Bf4 Nb6 14. Qd3 Nxc4
15. Qxc4 O-O 16. Rfe1 Ba6 17. Qb3 Rab8 18. Qc2 Bb7 19. Rad1 Qc7 20. Nb5 Qd7 21.
Nec3 Ba6 22. a4 Bxb5 23. Nxb5 Rfe8 24. Rxe7 Qxe7 25. h3 Rbd8 26. g4 Qe4 27.
Qxe4 Rxe4 28. Bxd6 Rxa4 29. Nc3 Rb4 30. Rd2 Rxd6 31. f4 Rb3 32. g5 Nd7 33. Re2
Kf8 34. Kf2 Rxc3 35. bxc3 Rxd5 36. Ke3 Rf5 37. Ke4 g6 38. h4 c4 39. Rd2 Nc5+
40. Kf3 Nd3 41. Ke3 Nxf4 42. Rd4 Ng2+ 43. Ke2 Nf4+ 44. Ke3 Nd5+ 45. Ke4 Nxc3+
46. Ke3 Re5+ 47. Kd2 Ne4+ 48. Kc2 Nc5 49. Rxc4 Ne6 50. Kd2 Ke7 51. Rc3 Kd6 52.
Rd3+ Rd5 53. Rxd5+ Kxd5 54. Kd3 Ke5 55. Ke3 Kf5 56. Kf3 Nd4+ 57. Kg3 Ne2+ 58.
Kf3 Nf4 59. Kg3 Nd5 60. Kf3 Nc3 61. Kg3 Nd1 62. Kf3 Nb2 63. Kg3 Nd3 64. Kf3
Ne5+ 65. Kg3 Ng4 66. Kf3 f6 67. gxf6 Nxf6 68. Kg3 Nh5+ 69. Kf3 h6 70. Kf2 Kg4
71. Kg2 Kxh4 72. Kh1 Kg3 73. Kg1 Nf4 74. Kf1 h5 75. Kg1 Nh3+ 76. Kh1 Nf2+ 77.
Kg1 h4 78. Kf1 h3 79. Kg1 h2+ 80. Kf1 h1=Q+ 81. Ke2 Qe4+ 82. Kd2 Qd3+ 83. Kc1
Qd1+ 84. Kb2 Nd3+ 85. Ka3 Qc1+ 86. Ka4 Qb2 87. Ka5 Qb4+ 88. Ka6 Nc5+ 89. Ka7
Qb7# {BonfilsDussaux est échec et mat} 0-1

[Event "Champ FRA - Under 12"]
[Site "Europe Echecs"]
[Date "2020.07.08"]
[Round "5"]
[White "SoyeuxGabriel"]
[Black "DoucetPierreAl"]
[Result "1-0"]
[WhiteElo "1501"]
[BlackElo "1177"]
[PlyCount "89"]
[EventDate "2020.??.??"]

1. d4 Nf6 2. Bg5 b6 3. Bxf6 exf6 4. e3 Bb7 5. Nf3 Be7 6. c4 O-O 7. Nc3 Bb4 8.
Bd3 d5 9. cxd5 Bxd5 10. O-O Bxc3 11. bxc3 Nc6 12. e4 Be6 13. d5 Bg4 14. dxc6
Qe7 15. h3 Bh5 16. Qe2 Qc5 17. Bc4 Rfe8 18. g4 Bg6 19. Bd5 Qxd5 20. exd5 Rxe2
21. Rfe1 Rxe1+ 22. Rxe1 h6 23. Re7 Rd8 24. c4 Bb1 25. a3 Ba2 26. Nd2 Rc8 27. a4
Kf8 28. Re1 Rd8 29. Ra1 Bxc4 30. Nxc4 Rxd5 31. a5 Rc5 32. axb6 axb6 33. Ne3
Rxc6 34. Kf1 Ke7 35. Rd1 Rd6 36. Nf5+ Ke6 37. Nxd6 cxd6 38. Ke2 b5 39. Kd3 Ke5
40. Ke3 b4 41. Rb1 d5 42. Rxb4 f5 43. f4+ Ke6 44. Rb6+ Kd7 45. gxf5 {
DoucetPierreAl a abandonné} 1-0

[Event "Champ FRA - Under 12"]
[Site "Europe Echecs"]
[Date "2020.07.08"]
[Round "5"]
[White "CiarlettaIris"]
[Black "BertLisa"]
[Result "0-1"]
[WhiteElo "1493"]
[BlackElo "1133"]
[PlyCount "98"]
[EventDate "2020.??.??"]

1. d4 d6 2. c4 Nf6 3. Nc3 Nc6 4. d5 Ne5 5. e4 e6 6. f4 Ned7 7. Nf3 exd5 8. Nxd5
Nxd5 9. cxd5 Be7 10. Bd3 O-O 11. O-O Nc5 12. Bb1 Bg4 13. Qc2 Bxf3 14. Rxf3 g6
15. f5 Bg5 16. Bxg5 Qxg5 17. b4 Nd7 18. Rg3 Qf6 19. Qc3 Qxc3 20. Rxc3 Rac8 21.
Bd3 Ne5 22. Rac1 c6 23. dxc6 bxc6 24. Bc4 c5 25. bxc5 dxc5 26. fxg6 hxg6 27.
Bd5 Kg7 28. Rxc5 Rxc5 29. Rxc5 Nd3 30. Rc7 a5 31. Ra7 Kh6 32. Rxf7 Rb8 33. Rb7
Rc8 34. Rb1 Rc2 35. Rd1 Nf4 36. Bb3 Rxg2+ 37. Kh1 Rg5 38. Rf1 Nh3 39. Be6 Rh5
40. Bxh3 Rxh3 41. Re1 Ra3 42. e5 Kg7 43. Re2 Kf7 44. e6+ Ke7 45. Kg2 a4 46. Kf2
g5 47. Ke1 g4 48. Kd2 Rxa2+ 49. Kd3 Rxe2 {CiarlettaIris a abandonné} 0-1

[Event "Champ FRA - Under 12"]
[Site "Europe Echecs"]
[Date "2020.07.08"]
[Round "5"]
[White "LamarreArmand"]
[Black "LombartRemi"]
[Result "1-0"]
[WhiteElo "1449"]
[BlackElo "1100"]
[PlyCount "71"]
[EventDate "2020.??.??"]

1. e4 e5 2. Nf3 Nc6 3. Bc4 Bc5 4. O-O Nf6 5. Nc3 d6 6. d3 Bg4 7. h3 Bh5 8. Be3
Bd4 9. Nd5 Nxd5 10. Bxd5 Bxb2 11. Rb1 Bd4 12. Rxb7 Bxe3 13. Bxc6+ Ke7 14. fxe3
Rb8 15. Qb1 Bxf3 16. Rxf3 f6 17. c3 g6 18. d4 Rf8 19. Rf2 Kf7 20. Rfb2 Rxb7 21.
Rxb7 Kg8 22. Rxa7 Qe7 23. Qb7 f5 24. Qxc7 Qxc7 25. Rxc7 exd4 26. exd4 fxe4 27.
Bxe4 Ra8 28. Bxa8 d5 29. Bxd5+ Kf8 30. Rxh7 g5 31. a4 g4 32. a5 gxh3 33. a6 h2+
34. Kxh2 Ke8 35. a7 Kd8 36. a8=Q# {LombartRemi est échec et mat} 1-0

[Event "Champ FRA - Under 12"]
[Site "Europe Echecs"]
[Date "2020.07.08"]
[Round "5"]
[White "BOUMRARAyrad"]
[Black "AvcharovLevon"]
[Result "0-1"]
[WhiteElo "1431"]
[BlackElo "1075"]
[PlyCount "90"]
[EventDate "2020.??.??"]

1. d4 f5 2. Nf3 e6 3. Nc3 Nf6 4. Bg5 d5 5. e3 Nc6 6. Bd3 h6 7. Bxf6 Qxf6 8. O-O
Bd6 9. Nb5 Qe7 10. Nxd6+ Qxd6 11. c4 dxc4 12. Bxc4 Na5 13. Qa4+ c6 14. Qxa5 O-O
15. Qe5 Qe7 16. Nh4 Qxh4 17. Bxe6+ Bxe6 18. Qxe6+ Kh7 19. Rac1 Qf6 20. Qd7 Rf7
21. Qc8 Rxc8 22. d5 Qd6 23. Rfd1 Qe5 24. d6 Qxb2 25. Rb1 Qxa2 26. d7 Rd8 27.
Rxb7 Qe6 28. Rxa7 Rdxd7 29. Raxd7 Rxd7 30. Rc1 Kg6 31. g3 Qe4 32. h4 Qf3 33.
Rf1 Rd1 34. h5+ Qxh5 35. e4 fxe4 36. f3 Rxf1+ 37. Kxf1 Qxf3+ 38. Kg1 Qxg3+ 39.
Kh1 Qe1+ 40. Kh2 e3 41. Kg2 Qf2+ 42. Kh1 Qh4+ 43. Kg2 e2 44. Kf3 e1=Q 45. Kg2
Qef2# {BOUMRARAyrad est échec et mat} 0-1

[Event "Champ FRA - Under 12"]
[Site "Europe Echecs"]
[Date "2020.07.08"]
[Round "5"]
[White "RaykoAlexis"]
[Black "GhazaryanGor"]
[Result "0-1"]
[WhiteElo "1214"]
[BlackElo "1431"]
[PlyCount "186"]
[EventDate "2020.??.??"]

1. e4 c5 2. Nf3 d6 3. Bb5+ Bd7 4. Bxd7+ Qxd7 5. c4 Nc6 6. d3 g6 7. Nc3 Bg7 8.
Bd2 Nf6 9. h3 a6 10. Rb1 Rb8 11. Nd5 b5 12. b3 O-O 13. Nxf6+ Bxf6 14. Bh6 Bg7
15. Bxg7 Kxg7 16. O-O Nb4 17. a3 Nc6 18. Qd2 Ne5 19. Nxe5 dxe5 20. Rfd1 Rfd8
21. cxb5 axb5 22. Qc3 Qd4 23. Qxd4 Rxd4 24. b4 c4 25. dxc4 Rxc4 26. f3 Kf6 27.
Rbc1 Ra8 28. Rxc4 bxc4 29. Rc1 Rxa3 30. Rxc4 Rb3 31. Rc6+ Kg7 32. Rb6 e6 33. b5
Kf8 34. Rb8+ Ke7 35. b6 h5 36. Rb7+ Ke8 37. Kf2 f5 38. Rg7 Rxb6 39. Rxg6 Kf7
40. Rg5 Rb2+ 41. Kg1 fxe4 42. fxe4 Kf6 43. Rxh5 Re2 44. Rh4 Kg5 45. Rg4+ Kf6
46. Kf1 Ra2 47. h4 Ra4 48. Ke2 Ra3 49. h5 Ra2+ 50. Kf3 Ra3+ 51. Kf2 Ra2+ 52.
Kg3 Ra3+ 53. Kh4 Ra1 54. Rg6+ Kf7 55. Rg3 Re1 56. Rg4 Kf6 57. Kg3 Rh1 58. Rh4
Re1 59. Kf2 Ra1 60. Rg4 Rh1 61. Rg6+ Kf7 62. Rh6 Kg7 63. Rxe6 Rxh5 64. g4 Rg5
65. Kg3 Kf7 66. Ra6 Rg8 67. Kh4 Ke7 68. g5 Rf8 69. Kg4 Rg8 70. Rf6 Rg7 71. Ra6
Rg8 72. Ra8 Rxa8 73. Kf5 Kd6 74. g6 Rf8+ 75. Kg5 Ke6 76. g7 Rg8 77. Kg6 Ke7 78.
Kh7 Kf7 79. Kh6 Rxg7 80. Kh5 Kf6 81. Kh4 Rg5 82. Kh3 Ke6 83. Kh2 Kd6 84. Kh3
Kc5 85. Kh4 Rg1 86. Kh3 Kd4 87. Kh2 Rg8 88. Kh3 Kxe4 89. Kh4 Kf4 90. Kh5 Kf5
91. Kh6 Kf6 92. Kh7 Rg1 93. Kh6 Rh1# {RaykoAlexis est échec et mat} 0-1

[Event "Champ FRA - Under 12"]
[Site "Europe Echecs"]
[Date "2020.07.08"]
[Round "5"]
[White "RajapAhmedAsif"]
[Black "ClaverieGabrie"]
[Result "1-0"]
[WhiteElo "1428"]
[BlackElo "1069"]
[PlyCount "119"]
[EventDate "2020.??.??"]

1. e4 e6 2. d4 d5 3. exd5 exd5 4. c4 c6 5. Nc3 Nf6 6. Nf3 Bg4 7. Bf4 Bd6 8. Bg3
Bxg3 9. fxg3 O-O 10. c5 Re8+ 11. Be2 Qe7 12. O-O Nbd7 13. Qc2 Rac8 14. Rae1
Bxf3 15. Bxf3 Qd8 16. Qd2 b6 17. Rxe8+ Qxe8 18. Re1 Qd8 19. b4 a5 20. a3 axb4
21. axb4 Rb8 22. Bd1 bxc5 23. bxc5 h6 24. Bc2 Qc7 25. Re2 Qa5 26. Qe1 Qb4 27.
Qd2 Qb2 28. Bh7+ Kxh7 29. Qxb2 Rxb2 30. Rxb2 Ne4 31. Nxe4 dxe4 32. Rb7 Nf6 33.
Rxf7 e3 34. Kf1 Nd5 35. Ke2 Kg6 36. Rd7 Kf5 37. Rxd5+ cxd5 38. c6 Ke6 39. Kxe3
g5 40. h4 Kd6 41. hxg5 hxg5 42. c7 Kxc7 43. Kf3 Kd7 44. Kg4 Ke7 45. Kxg5 Kf7
46. Kf5 Kg7 47. g4 Kf7 48. g5 Ke7 49. Ke5 Kf7 50. Kxd5 Kg6 51. Ke6 Kxg5 52. d5
Kg4 53. d6 Kg5 54. d7 Kg6 55. d8=Q Kg7 56. Qf6+ Kg8 57. Ke7 Kh7 58. Qg5 Kh8 59.
Kf7 Kh7 60. Qh4# {ClaverieGabrie est échec et mat} 1-0

[Event "Champ FRA - Under 12"]
[Site "Europe Echecs"]
[Date "2020.07.08"]
[Round "5"]
[White "ScoupeLuca"]
[Black "GuilloudRemi"]
[Result "1-0"]
[WhiteElo "1095"]
[BlackElo "1352"]
[PlyCount "57"]
[EventDate "2020.??.??"]

1. d4 f5 2. c4 Nf6 3. Nc3 g6 4. Nf3 Bg7 5. Bf4 d6 6. e3 O-O 7. Bd3 Qe8 8. O-O
c6 9. Qb3 Kh8 10. Rad1 Nbd7 11. Rfe1 h6 12. e4 fxe4 13. Nxe4 Nxe4 14. Rxe4 g5
15. Bxd6 Rf6 16. Bxe7 Rf7 17. Bxg5 Qf8 18. Bh4 c5 19. Rde1 Qd6 20. Re8+ Bf8 21.
R1e6 Qf4 22. Bg3 Qc1+ 23. Re1 Qxe1+ 24. Rxe1 cxd4 25. Be5+ Kg8 26. c5 Nxc5 27.
Bh7+ Kxh7 28. Qxf7+ Bg7 29. Qxg7# {GuilloudRemi est échec et mat} 1-0

[Event "Champ FRA - Under 12"]
[Site "Europe Echecs"]
[Date "2020.07.08"]
[Round "5"]
[White "DebbicheIdriss"]
[Black "FolioPierre"]
[Result "0-1"]
[WhiteElo "1065"]
[BlackElo "1349"]
[PlyCount "136"]
[EventDate "2020.??.??"]

1. Nf3 Nf6 2. g3 g6 3. Bg2 Bg7 4. O-O O-O 5. d3 d5 6. Nc3 c5 7. Rb1 Nc6 8. a3
a5 9. e4 e6 10. exd5 exd5 11. Re1 Be6 12. Ng5 Bf5 13. Bf4 d4 14. Ne2 Nd5 15.
Bd2 Re8 16. Nf4 Nxf4 17. Bxf4 Rxe1+ 18. Qxe1 Qe8 19. Qxe8+ Rxe8 20. Bd6 h6 21.
Nf3 Bf8 22. Bxf8 Kxf8 23. Nd2 Re6 24. Nc4 b5 25. Nd2 Re2 26. Bxc6 Rxd2 27. Bxb5
Rxc2 28. Bc4 Rd2 29. b4 axb4 30. axb4 Bxd3 31. Bxd3 Rxd3 32. bxc5 Rc3 33. Rd1
d3 34. c6 Ke8 35. Kf1 Kd8 36. Ke1 Kc7 37. Kd2 Rc2+ 38. Kxd3 Rxf2 39. Rh1 Kxc6
40. Rc1+ Kd6 41. Rh1 Ke5 42. Ke3 Rb2 43. Kf3 Kf5 44. g4+ Kg5 45. h4+ Kf6 46.
Rf1 Kg7 47. Kg3 Rb3+ 48. Kh2 g5 49. hxg5 hxg5 50. Rf5 Kg6 51. Kg2 f6 52. Kf2
Rd3 53. Ke2 Rg3 54. Kf2 Rxg4 55. Rf3 Rf4 56. Rxf4 gxf4 57. Kg2 Kf5 58. Kf3 Ke5
59. Kf2 Ke4 60. Ke2 f3+ 61. Ke1 Ke3 62. Kf1 f2 63. Kg2 Ke2 64. Kh2 f1=Q 65. Kg3
Qf3+ 66. Kh2 Qg4 67. Kh1 Kf2 68. Kh2 Qg2# {DebbicheIdriss est échec et mat}
0-1

[Event "Champ FRA - Under 12"]
[Site "Europe Echecs"]
[Date "2020.07.08"]
[Round "5"]
[White "LorhoJade"]
[Black "MekdachiMathie"]
[Result "0-1"]
[WhiteElo "1335"]
[BlackElo "999"]
[PlyCount "74"]
[EventDate "2020.??.??"]

1. e4 c6 2. Nf3 d5 3. exd5 cxd5 4. d4 Nf6 5. Bd3 Nc6 6. c3 Bg4 7. Nbd2 e6 8.
O-O Bd6 9. Re1 O-O 10. Nf1 Qc7 11. Bg5 Nd7 12. Ng3 f6 13. Be3 e5 14. dxe5 Ndxe5
15. Be2 Nxf3+ 16. Bxf3 Bxf3 17. Qxf3 Bxg3 18. hxg3 Rad8 19. Bf4 Ne5 20. Qd1 Qb6
21. Bxe5 fxe5 22. Qd2 d4 23. cxd4 Rxd4 24. Qc3 Rdd8 25. Rf1 e4 26. Qc4+ Kh8 27.
Qxe4 Qxb2 28. a4 Rd2 29. Rab1 Qf6 30. f3 Qg5 31. g4 b6 32. Qb4 Qe3+ 33. Kh1 Rg8
34. Rbe1 Qd4 35. Qb5 Rb2 36. Qa6 Qd2 37. Rg1 Qh6# {LorhoJade est échec et mat}
0-1

[Event "Champ FRA - Under 12"]
[Site "Europe Echecs"]
[Date "2020.07.08"]
[Round "5"]
[White "HueberMaxime"]
[Black "DromardBenjami"]
[Result "1-0"]
[WhiteElo "1420"]
[BlackElo "1250"]
[PlyCount "91"]
[EventDate "2020.??.??"]

1. e4 e5 2. Nf3 Nc6 3. d4 exd4 4. Nxd4 Bc5 5. Be3 Qf6 6. c3 Nge7 7. g3 d5 8.
Bg2 dxe4 9. Nd2 O-O 10. Nxe4 Qe5 11. Bf4 Qd5 12. Nf6+ gxf6 13. Bxd5 Nxd5 14.
Bh6 Re8+ 15. Ne2 Nb6 16. O-O Bh3 17. Re1 Rad8 18. Qc2 Ne5 19. Kh1 Ng4 20. Be3
Rxe3 21. fxe3 Nf2+ 22. Kg1 Bxe3 23. Nf4 Ng4+ 24. Rxe3 Nxe3 25. Qe4 f5 26. Qxe3
Bg4 27. h3 Bd1 28. Qe1 Ba4 29. Qe7 Rd7 30. Qe8+ Kg7 31. Qe5+ f6 32. Nh5+ Kg8
33. Nxf6+ Kf7 34. Nxd7 Nxd7 35. Qxf5+ Nf6 36. Rf1 Ke8 37. Qxf6 Kd7 38. Qd4+ Ke6
39. Re1+ Kf7 40. Qf4+ Kg6 41. Re6+ Kh5 42. Re5+ Kg6 43. Qf5+ Kg7 44. Re7+ Kh6
45. Qf6+ Kh5 46. Re5# {DromardBenjami est échec et mat} 1-0

[Event "Champ FRA - Under 12"]
[Site "Europe Echecs"]
[Date "2020.07.08"]
[Round "5"]
[White "RequenaSacha"]
[Black "MindeBaptiste"]
[Result "1-0"]
[WhiteElo "1397"]
[BlackElo "1210"]
[PlyCount "63"]
[EventDate "2020.??.??"]

1. e4 e6 2. d4 d5 3. Nc3 c6 4. Nf3 Qb6 5. Rb1 Nf6 6. e5 Nfd7 7. Bd2 c5 8. Na4
Qc6 9. c3 cxd4 10. cxd4 Nb6 11. Nc3 Nc4 12. b3 Nxd2 13. Bb5 Nxf3+ 14. Qxf3 Bd7
15. Bxc6 Bxc6 16. O-O Bb4 17. Rbc1 Ba3 18. Rc2 O-O 19. Ne2 Na6 20. Nf4 Nb4 21.
Rd2 Bb5 22. Rfd1 Nc6 23. Nh5 Bb4 24. Qg4 g6 25. Nf6+ Kg7 26. Qh4 h5 27. Rd3
Bxd3 28. Rxd3 Be7 29. Nxh5+ gxh5 30. Qxh5 Rh8 31. Rg3+ Kf8 32. Qxh8# {
MindeBaptiste est échec et mat} 1-0

[Event "Champ FRA - Under 12"]
[Site "Europe Echecs"]
[Date "2020.07.08"]
[Round "5"]
[White "HenadciIlyan"]
[Black "BerthouJules"]
[Result "0-1"]
[WhiteElo "1191"]
[BlackElo "1390"]
[PlyCount "50"]
[EventDate "2020.??.??"]

1. e4 e5 2. Nf3 Nc6 3. Bb5 a6 4. Bxc6 dxc6 5. Nxe5 Qd4 6. Qh5 g6 7. Qg5 f6 8.
Qxf6 Nxf6 9. f4 Nxe4 10. Rf1 Bg7 11. Nf3 Qb6 12. d3 Nd6 13. Nc3 O-O 14. g3 Re8+
15. Kd2 Bg4 16. b3 Qb4 17. Bb2 Nb5 18. a3 Qa5 19. b4 Qb6 20. Nxb5 Qe3+ 21. Kd1
Qe2+ 22. Kc1 Qxf1+ 23. Kd2 Qxf3 24. Nxc7 Qe2+ 25. Kc1 Qd1# {HenadciIlyan est
échec et mat} 0-1

[Event "Champ FRA - Under 12"]
[Site "Europe Echecs"]
[Date "2020.07.08"]
[Round "5"]
[White "FamelDiane"]
[Black "GuillouPaul"]
[Result "0-1"]
[WhiteElo "1366"]
[BlackElo "1157"]
[PlyCount "118"]
[EventDate "2020.??.??"]

1. e4 c5 2. Nc3 Nc6 3. g3 g6 4. Bg2 Bg7 5. d3 d6 6. f4 Nf6 7. Nf3 O-O 8. O-O
Bg4 9. h3 Bxf3 10. Bxf3 Nd4 11. Bg2 Qc7 12. Be3 Nd7 13. Nd5 Qd8 14. c3 Nc6 15.
g4 Nb6 16. Qe1 e6 17. Nxb6 Qxb6 18. Rb1 Qa6 19. Qd2 Qxa2 20. Ra1 Qb3 21. f5
exf5 22. exf5 Ne5 23. Bh6 Kh8 24. Bxg7+ Kxg7 25. f6+ Kh8 26. Ra3 Qb6 27. Kh1
Rg8 28. Bd5 Qc7 29. d4 cxd4 30. cxd4 Nc4 31. Rc1 b5 32. Bxa8 Rxa8 33. b3 Qb7+
34. Qg2 Qxg2+ 35. Kxg2 Nxa3 36. Rc7 Kg8 37. Rc6 Rd8 38. Rc7 Ra8 39. Rd7 a5 40.
Rxd6 Nc2 41. Rb6 Nxd4 42. Rd6 Nxb3 43. Rd1 a4 44. Rb1 Rc8 45. Kg3 Rc1 46. Rb2
Rc3+ 47. Kh4 a3 48. Re2 Rc8 49. Ra2 b4 50. Kg3 Rc3+ 51. Kh4 h6 52. g5 Rc4+ 53.
Kg3 hxg5 54. Kf3 Rc3+ 55. Kg4 Nc1 56. Rd2 Rc8 57. Rd5 b3 58. Ra5 a2 59. Ra3 b2
{FamelDiane a perdu au temps} 0-1

[Event "Champ FRA - Under 12"]
[Site "Europe Echecs"]
[Date "2020.07.08"]
[Round "5"]
[White "FolioThomas"]
[Black "GrallKewan"]
[Result "1-0"]
[WhiteElo "1364"]
[BlackElo "1054"]
[PlyCount "59"]
[EventDate "2020.??.??"]

1. e4 e5 2. Nf3 Nc6 3. Bc4 Bc5 4. b4 Bxb4 5. c3 Bc5 6. d4 exd4 7. O-O dxc3 8.
Bxf7+ Kxf7 9. Qd5+ Ke8 10. Qxc5 Nf6 11. Qxc3 Qe7 12. e5 Ne4 13. Qc4 Nc5 14. Ba3
d6 15. exd6 cxd6 16. Bxc5 dxc5 17. Re1 Qxe1+ 18. Nxe1 Kd7 19. Qf7+ Kd6 20. Nc3
Be6 21. Nb5+ Ke5 22. Nf3+ Kd5 23. Rd1+ Kc4 24. Nd6+ Kc3 25. Qxe6 Kc2 26. Qe2+
Kc3 27. Ne4+ Kb4 28. Rb1+ Ka3 29. Qe3+ Kxa2 30. Qb3# {GrallKewan est échec et
mat} 1-0